Statistics for Top 100 most important and famous people from United States

Click here to take the quiz!

General Stats

  • This quiz has been taken 388 times
  • The average score is 71 of 100

Answer Stats

HintAnswer% Correct
First PresidentGeorge Washington
96%
President from 2009 to 2017Barack Obama
95%
President from 2017 to 2021Donald Trump
94%
President who abolished the slaveryAbraham Lincoln
92%
President from 2001 to 2009George W. Bush
92%
President killed in Dallas in 1963John Fitzgerald Kennedy
92%
Trumpeter and singer, What a Wonderful WorldLouis Armstrong
92%
Singer, named King of Pop, Beat It, ThrillerMichael Jackson
92%
First man to walk on the MoonNeil Armstrong
92%
President from 1901 to 1909Theodore Roosevelt
92%
President, from 1933 to 1945 ideator of the New DealFranklin Delano Roosevelt
91%
President from 1993 to 2001Bill Clinton
90%
Founder of FacebookMark Zuckerberg
90%
Founder of MicrosoftBill Gates
89%
Actor famous for his roles in Titanic and The Wolf of Wall StreetLeonardo DiCaprio
88%
Baptist minister and activist, one of the most prominent leaders in the civil rights movement, killed in 1968Martin Luther King
88%
Basketball player, winner of Nba with Chicago BullsMichael Jordan
88%
The best boxer of all times and activistMuhammad Ali/Cassius Clay
88%
President of the Watergate scandalRichard Nixon
88%
Actor famous for his roles in Patch Adams and Dead Poets SocietyRobin Williams
88%
Female tennis player, 23 times winner of Grand Slam titlesSerena Williams
88%
Founder of AppleSteve Jobs
88%
Founder of famous car brand and pioneer of Mass productionHenry Ford
87%
Composer of the soundtrack of Star Wars and Harry Potter, five times winner of Academy AwardJohn Williams
87%
Actress and model, the most popular sex symbol of the 1950s and 1960sMarilyn Monroe
87%
Swimmer, winner of 28 Olympic MedalsMichael Phelps
87%
Female singer, Think, RespectAretha Franklin
86%
Director of The Grapes of Wrath and Stagecoach, 5 times winner of Academy AwardJohn Ford
86%
President of 1980s, Tear down this Wall!Ronald Reagan
86%
Inventor and one of the Founding FathersBenjamin Franklin
85%
Actor and former professional wrestler, famous for his role in Jumanji sagaDwayne Johnson/The Rock
85%
Actor famous for his roles in Pirates of Caribbean saga and Charlie and the Chocolate FactoryJohnny Depp
85%
Actor famous for his roles in The Fresh Prince of Bel-Air and Men in BlackWill Smith
85%
The greatest American architect of all time, a selection of his work became a UNESCO World Heritage SiteFrank Lloyd Wright
84%
Singer and actress, Bad Romance, Poker FaceLady Gaga
84%
Female singer, Queen of Pop, La Isla Bonita, Like a VirginMadonna
84%
Actor famous for his roles in Forrest Gump and PhiladelphiaTom Hanks
84%
Animator, creator of Mickey Mouse and Donald Duck, 22 times winner of Academy AwardWalt Disney
84%
Singer, Jailhouse Rock, Hound DogElvis Presley
83%
Rapper, Lose Yourself, Rap GodEminem
83%
Inventors of the airplaneOrville Wright/Wilbur Wright
83%
Director of Jaws and E.T.Steven Spielberg
83%
Third President, one of the Founding FathersThomas Jefferson
82%
President who decided to use the Atomic BombsHarry S. Truman
81%
Actor famous for his role in Rocky sagaSylvester Stallone
81%
Second President, one of the Founding FathersJohn Adams
80%
Gangster of the Prohibition eraAl Capone
78%
Female singer, former member of Destiny's Child, Crazy in Love, Baby BoyBeyoncé
78%
Inventor of the phonograph, the motion picture camera, and early versions of the electric light bulbThomas Edison
78%
Actor famous for his roles in Scarface and The GodfatherAl Pacino
77%
Commander of Allied Force in Europe during World War Two and President in 1950sDwight D. Eisenhower
76%
Basketball player, winner of Nba with Cleveland Cavaliers, Miami Heat and Los Angeles LakersLeBron James
76%
Director and creator of the Star Wars sagaGeorge Lucas
75%
Actor famous for his roles in Taxi Driver and The MissionRobert De Niro
73%
Actor famous for his roles in Troy and Once Upon a Time in HollywoodBrad Pitt
72%
Actor famous for his roles in Ocean's Eleven and GravityGeorge Clooney
72%
Muslim minister and human rights activist who was a prominent figure during the civil rights movementMalcolm X
71%
Actor famous for his roles in The Godfather and Last Tango in ParisMarlon Brando
71%
Actress famous for her roles in My Best Friend's Wedding and Pretty WomanJulia Roberts
70%
Director of Inglourious Basterds and Reservoir DogsQuentin Tarantino
70%
Physicist, named the father of the atomic bomb for his role in the Manhattan ProjectRobert Oppenheimer
70%
NFL player, 7 times winner of Super BowlTom Brady
70%
Writer, author of The Adventures of Tom SawyerMark Twain
69%
Artist, main figure of Pop Art, Campbell's Soup Cans and Marilyn DiptychAndy Warhol
67%
Actor famous for his roles in The Shining and Batman(1989)Jack Nicholson
67%
General of the Civil War and PresidentUlysses S. Grant
67%
Singer and songwriter, Like a Rolling Stone, winner of Nobel Prize in literature in 2016Bob Dylan
64%
Socialite, media personality, and businesswoman with hundreds of milions of followers on InstagramKim Kardashian
64%
President, ideator of the League of NationsWoodrow Wilson
64%
Actress famous for her roles in Girl, Interrupted and MaleficentAngelina Jolie
63%
Singer and the most influential electric guitarist in history, Hey JoeJimi Hendrix
63%
Actress famous for her roles in Kramer vs Kramer and The Iron Lady, three times winner of Academy AwardMeryl Streep
63%
Sprinter, winner of four gold medals during 1936 Olympic Games in BerlinJesse Owens
62%
Writer, author of The Old Man and the Sea, winner of Nobel Prize in literature in 1954Ernest Hemingway
59%
Director of Goodfellas and The Wolf of Wall Street, winner of Academy Award in 2007Martin Scorsese
58%
Director of A Clockwork Orange and 2001 A Space OdysseyStanley Kubrick
58%
Singer, Johnny B Good named the Father of Rock and RollChuck Berry
55%
Director and actor, famous for his roles in Spaghetti Western, 5 times winner of Academy AwardClint Eastwood
55%
Writer, known for his poetry and short stories, particularly his tales of mysteryEdgar Allan Poe
55%
Director of The Godfather and Apocalypse NowFrancis Ford Coppola
54%
Singer and actor, one of the most popular of 1950s and 1960s and three times winner of Academy Award, That's Life, Let It Snow!Frank Sinatra
54%
Director of Citizen Kane, two times winner of Academy AwardOrson Welles
54%
Actor famous for his roles in In a Lonely Place and Casablanca, winner of Academy Award in 1952Humphrey Bogart
53%
Actress famous for her roles in Guess Who's Coming to Dinner and The Lion in Winter, 4 times winners of Academy AwardKatharine Hepburn
50%
General of World War Two, key figure in the Pacific theatreDouglas MacArthur
48%
Singer, I Got You (I Feel Good), It's a Man's Man's Man's World"James Brown
48%
Dancer and actor, considered the best dancer in the history of cinemaFred Astaire
47%
Writer, author of Moby DickHerman Melville
47%
Actor famous for his roles in Stagecoach and The Quiet ManJohn Wayne
46%
The most famous comic duo, active from 1920s to 1950sStan Laurel/Oliver Hardy
46%
Sprinter, winner of nine Olympic gold medals from 1970s to 1990sCarl Lewis
44%
Actor, comedian, and director known for his silent film worksBuster Keaton
37%
Painter, main figure in the abstract expressionist movementJackson Pollock
37%
Biologist, whose work was central to the understanding of the molecular structures of DNAJames Watson
36%
Tennis player, 13 times winner of Grand Slam titlesPete Sampras
35%
Baseball player, 9 times winner of World Series with New York YankeesJoe DiMaggio
34%
Director of Zelig, Broadway Danny Rose and Midnight in ParisWoody Allen
34%
The greatest American poet, author of O Captain! My Captain!Walt Whitman
31%
Director of It Happened One Night and It's a Wonderful Life, 7 times winner of Academy AwardFrank Capra
24%
Theoretical physicist, known for his work in the path integral formulation of quantum mechanics and the theory of quantum electrodynamicRichard Feynman
13%

Score Distribution

Percentile by Number Answered

Percent of People with Each Score

Your Score History

You have not taken this quiz